000 00503nam a2200181 a 4500
005 20140310183140.0
008 020823s19uu xx 00 eng d
020 _a9718832521
050 _aHF 5549.5
_b.An561 2001
100 _aAndres, Tomas D.
245 _aPerformance appraisal :
_ba handbook /
_cTomas D. Andres.
260 _aQuezon City :
_bGiraffe Books,
_c2001.
300 _a76 p. :
_c22 cm.
521 _aBSBA
650 _aEmployees
_xrating of
942 _cBK
_2lcc
_kLOC
999 _c19382
_d19382